[Event "Shepsi"]
[Site "Shepsi"]
[Date "2011.08.??"]
[Round "3"]
[White "Vorontsov, Nikolay"]
[Black "Gorbatenko, Kateryna"]
[Result "1/2-1/2"]
[WhiteElo "2302"]
[BlackElo "2144"]
[PlyCount "38"]
[EventDate "2011.08.??"]
[EventType "tourn"]
[EventRounds "9"]
[EventCountry "RUS"]
[SourceTitle "EXT 2012"]
[Source "ChessBase"]
[SourceDate "2011.11.24"]
[SourceVersion "1"]
[SourceVersionDate "2011.11.24"]
[SourceQuality "1"]

1. e4 e5 2. Nf3 Nc6 3. Bb5 a6 4. Ba4 Nf6 5. 0-0 Be7 6. Re1 b5 7. Bb3 d6 8. c3 0-0 9. h3 Na5 10. Bc2 c5 11. d4 Qc7 12. Nbd2 cxd4 13. cxd4 Nc6 14. d5 Nb4 15. Bb1 a5 16. Nf1 Bd7 17. a3 Na6 18. Be3 Nc5 19. Ng3 Rfc8 1/2-1/2

[Event "Kostroma Volga Cup op"]
[Site "Kostroma"]
[Date "2011.07.08"]
[Round "6"]
[White "Shkalov, Oleg"]
[Black "Gorbatenko, Kateryna"]
[Result "1-0"]
[WhiteElo "2233"]
[BlackElo "2144"]
[PlyCount "107"]
[EventDate "2011.07.04"]
[EventType "swiss"]
[EventRounds "10"]
[EventCountry "RUS"]
[SourceTitle "EXT 2012"]
[Source "ChessBase"]
[SourceDate "2011.11.24"]
[SourceVersion "1"]
[SourceVersionDate "2011.11.24"]
[SourceQuality "1"]

1. d4 d5 2. c4 c6 3. Nc3 dxc4 4. e4 b5 5. a4 b4 6. Na2 e6 7. Bxc4 Nf6 8. f3 Be7 9. Be3 Nbd7 10. Ne2 Bb7 11. Qd2 a5 12. Nac1 0-0 13. Nd3 Rc8 14. 0-0 c5 15. Rfc1 cxd4 16. Nxd4 Nc5 17. Nb5 Ba6 18. Qe2 Nxa4 19. Ne5 Bc5 20. Na7 Qb6 21. Nxc8 Bxe3+ 22. Kh1 Rxc8 23. Re1 Bxc4 24. Nxc4 Qb5 25. Nxe3 Qxe2 26. Rxe2 Nb6 27. Rc2 Ra8 28. Rc5 a4 29. Rb5 Nfd7 30. Rxb4 Kf8 31. Kg1 Ke7 32. Kf2 Rc8 33. Rd1 Ra8 34. Ra1 Rc8 35. Ke2 Rc6 36. f4 Nf6 37. Rd1 h5 38. Rdd4 Nfd7 39. Nc4 g6 40. Nxb6 Nxb6 41. Kd3 f5 42. e5 Ke8 43. g3 Nd7 44. Rdc4 Ra6 45. Rc3 Ra5 46. Kc2 Ra7 47. Kb1 Ra5 48. Ka2 Nc5 49. Rbc4 Nd7 50. h4 Nb6 51. Rc5 Ra6 52. Rc6 Kd7 53. Rd6+ Ke7 54. Rcc6 1-0

[Event "Kostroma Volga Cup op"]
[Site "Kostroma"]
[Date "2011.07.06"]
[Round "4"]
[White "Mikhailov, Viacheslav"]
[Black "Gorbatenko, Kateryna"]
[Result "1/2-1/2"]
[WhiteElo "2202"]
[BlackElo "2144"]
[PlyCount "88"]
[EventDate "2011.07.04"]
[EventType "swiss"]
[EventRounds "10"]
[EventCountry "RUS"]
[SourceTitle "EXT 2012"]
[Source "ChessBase"]
[SourceDate "2011.11.24"]
[SourceVersion "1"]
[SourceVersionDate "2011.11.24"]
[SourceQuality "1"]

1. e4 c5 2. Nf3 Nc6 3. Bb5 d6 4. 0-0 Bd7 5. Nc3 a6 6. Bxc6 Bxc6 7. d3 g6 8. Re1 Bg7 9. e5 Nh6 10. exd6 Qxd6 11. Ne4 Bxe4 12. Rxe4 Nf5 13. Bf4 Qd5 14. Be5 f6 15. Bc3 e5 16. a4 b5 17. b3 0-0 18. Re1 Nd4 19. Bxd4 cxd4 20. h4 f5 21. Qe2 Rae8 22. axb5 axb5 23. Ra6 Bf6 24. h5 g5 25. Nd2 Kh8 26. Qf3 Qxf3 27. gxf3 Rc8 28. Ra2 Rc6 29. Nf1 g4 30. fxg4 Rg8 31. Ng3 Rxg4 32. Kf1 Rg5 33. h6 Kg8 34. Ke2 Kf7 35. Ra7+ Kg6 36. Kd1 Rg4 37. Rb7 Rf4 38. Rg1 Kxh6 39. Rg2 Bh4 40. Rxb5 Bxg3 41. fxg3 Rf1+ 42. Ke2 Rc1 43. Kf3 Rf1+ 44. Ke2 Rc1 1/2-1/2

[Event "Kosice Kotan Memorial 3rd"]
[Site "Kosice"]
[Date "2011.06.30"]
[Round "7"]
[White "Gorbatenko, Kateryna"]
[Black "Harvan, Richard"]
[Result "0-1"]
[WhiteElo "2145"]
[BlackElo "1926"]
[PlyCount "128"]
[EventDate "2011.06.25"]
[EventType "swiss"]
[EventRounds "9"]
[EventCountry "SVK"]
[SourceTitle "EXT 2012"]
[Source "ChessBase"]
[SourceDate "2011.11.24"]
[SourceVersion "1"]
[SourceVersionDate "2011.11.24"]
[SourceQuality "1"]

1. d4 Nf6 2. c4 e6 3. Nf3 b6 4. e3 Bb7 5. Bd3 d5 6. Nbd2 Nbd7 7. b3 Ne4 8. Qc2 f5 9. Bb2 Bd6 10. 0-0 0-0 11. Ne5 Bxe5 12. dxe5 Nxd2 13. Qxd2 Nc5 14. Ba3 dxc4 15. Bxc5 Qd5 16. e4 fxe4 17. Bxf8 exd3 18. Qg5 Rxf8 19. bxc4 Rf5 20. Qg3 Qxe5 21. Qxe5 Rxe5 22. Rfd1 Rg5 23. g3 Be4 24. f3 Bg6 25. Kf2 Kf7 26. g4 h5 27. h3 hxg4 28. hxg4 Re5 29. Rd2 Rc5 30. Rc1 b5 31. Ke3 e5 32. Rb2 bxc4 33. Kd2 a5 34. Rb8 Kf6 35. a4 c6 36. Rb7 Bf7 37. Rb8 Bd5 38. Re8 Bf7 39. Rb8 g6 40. Ra8 Kg5 41. Rd8 Rd5 42. Rc8 Rc5 43. Rd8 Bd5 44. Ke3 d2 45. Kxd2 Bxf3 46. Ke3 Bxg4 47. Rc3 Bf5 48. Rd1 Be6 49. Rg1+ Kf6 50. Rf1+ Bf5 51. Rfc1 Ke6 52. Rg1 Bd3 53. Rh1 e4 54. Rh8 Rf5 55. Re8+ Kd5 56. Rd8+ Kc5 57. Re8 Kb4 58. Rc1 Rf3+ 59. Kd4 c5+ 60. Kd5 Rf5+ 61. Ke6 c3 62. Rb8+ Kc4 63. Rb5 c2 64. Rxa5 Kc3 0-1

[Event "Kosice Kotan Memorial 3rd"]
[Site "Kosice"]
[Date "2011.06.29"]
[Round "6"]
[White "Manik, Mikulas"]
[Black "Gorbatenko, Kateryna"]
[Result "1-0"]
[WhiteElo "2398"]
[BlackElo "2145"]
[PlyCount "69"]
[EventDate "2011.06.25"]
[EventType "swiss"]
[EventRounds "9"]
[EventCountry "SVK"]
[SourceTitle "EXT 2012"]
[Source "ChessBase"]
[SourceDate "2011.11.24"]
[SourceVersion "1"]
[SourceVersionDate "2011.11.24"]
[SourceQuality "1"]

1. e4 c5 2. Nf3 Nc6 3. d4 cxd4 4. Nxd4 g6 5. Nc3 Bg7 6. Be3 Nf6 7. Bc4 0-0 8. Bb3 d6 9. h3 Na5 10. 0-0 Nxb3 11. axb3 d5 12. e5 Ne4 13. f4 Nxc3 14. bxc3 Bd7 15. Nf3 Bb5 16. Rf2 Ba6 17. Bd4 Qc8 18. Qe1 e6 19. Nh2 f5 20. exf6 Rxf6 21. Ng4 Rf5 22. Bxg7 Kxg7 23. c4 Qf8 24. Qc3+ Kg8 25. cxd5 exd5 26. Ne3 Rxf4 27. Rxf4 Qxf4 28. Nxd5 Qh4 29. Ra4 Qh6 30. Nf6+ Kf7 31. Qc7+ Kxf6 32. Rf4+ Qxf4 33. Qxf4+ Kg7 34. c4 Rf8 35. Qd4+ 1-0

[Event "Kosice Kotan Memorial 3rd"]
[Site "Kosice"]
[Date "2011.06.27"]
[Round "4"]
[White "Krak, Tomas"]
[Black "Gorbatenko, Kateryna"]
[Result "1/2-1/2"]
[WhiteElo "2270"]
[BlackElo "2145"]
[PlyCount "57"]
[EventDate "2011.06.25"]
[EventType "swiss"]
[EventRounds "9"]
[EventCountry "SVK"]
[SourceTitle "EXT 2012"]
[Source "ChessBase"]
[SourceDate "2011.11.24"]
[SourceVersion "1"]
[SourceVersionDate "2011.11.24"]
[SourceQuality "1"]

1. Nf3 d5 2. d4 Nf6 3. c4 c6 4. e3 Bf5 5. Nc3 e6 6. Nh4 Bg4 7. Qb3 Qc7 8. h3 Bh5 9. g4 Bg6 10. Nxg6 hxg6 11. g5 dxc4 12. Bxc4 Nd5 13. Bd2 Be7 14. f4 Nd7 15. 0-0-0 N7b6 16. Be2 a5 17. Kb1 a4 18. Nxd5 Nxd5 19. Qc2 a3 20. b3 0-0-0 21. Rc1 Kb8 22. Bg4 Rc8 23. Rhf1 Qb6 24. e4 Nb4 25. Qc4 c5 26. d5 exd5 27. exd5 Rcd8 28. Bxb4 Qxb4 29. Qxb4 1/2-1/2

[Event "Kosice Kotan Memorial 3rd"]
[Site "Kosice"]
[Date "2011.06.26"]
[Round "3"]
[White "Gorbatenko, Kateryna"]
[Black "Odnorozhenko, Evgenyi"]
[Result "1/2-1/2"]
[WhiteElo "2145"]
[BlackElo "2319"]
[PlyCount "21"]
[EventDate "2011.06.25"]
[EventType "swiss"]
[EventRounds "9"]
[EventCountry "SVK"]
[SourceTitle "EXT 2012"]
[Source "ChessBase"]
[SourceDate "2011.11.24"]
[SourceVersion "1"]
[SourceVersionDate "2011.11.24"]
[SourceQuality "1"]

1. e4 e5 2. Nf3 Nc6 3. Bb5 a6 4. Ba4 Nf6 5. 0-0 Be7 6. Re1 b5 7. Bb3 d6 8. c3 0-0 9. h3 Nb8 10. d4 Nbd7 11. Nbd2 1/2-1/2

[Event "Krakow op 21st"]
[Site "Krakow"]
[Date "2011.01.04"]
[Round "9"]
[White "Gorbatenko, Kateryna"]
[Black "Marczuk, Dominik"]
[Result "1/2-1/2"]
[WhiteElo "2138"]
[BlackElo "1908"]
[PlyCount "107"]
[EventDate "2010.12.27"]
[EventType "swiss"]
[EventRounds "9"]
[EventCountry "POL"]
[SourceTitle "CBM 140 Extra"]
[Source "ChessBase"]
[SourceDate "2011.03.01"]
[SourceVersion "1"]
[SourceVersionDate "2011.03.01"]
[SourceQuality "1"]

1. d4 Nf6 2. c4 g6 3. Nc3 Bg7 4. e4 d6 5. Nf3 0-0 6. Be2 e5 7. d5 a5 8. Bg5 h6 9. Bh4 Na6 10. Nd2 Qe8 11. 0-0 Nh7 12. a3 Bd7 13. Rb1 f5 14. f3 f4 15. b4 axb4 16. axb4 b6 17. Bf2 g5 18. c5 bxc5 19. Bxa6 Rxa6 20. bxc5 h5 21. c6 Bc8 22. Rb8 g4 23. Nb5 Qf7 24. Na7 g3 25. hxg3 fxg3 26. Be3 Rxa7 27. Bxa7 Qf4 28. Qe2 Bh6 29. Rd1 h4 30. Nf1 Qf6 31. Be3 Bxe3+ 32. Qxe3 Ng5 33. Ra1 h3 34. Nxg3 hxg2 35. Nf5 Nh3+ 36. Kxg2 Bxf5 37. Rxf8+ Kxf8 38. Ra8+ Kf7 39. exf5 Nf4+ 40. Kf2 Qxf5 41. Qe4 Qh3 42. Ke1 Qg3+ 43. Kd2 Qf2+ 44. Kd1 Qf1+ 45. Kc2 Qf2+ 46. Kb3 Qb6+ 47. Ka4 Kg7 48. Rd8 Qa6+ 49. Kb3 Qb6+ 50. Ka4 Qa7+ 51. Kb3 Qb6+ 52. Ka4 Qa7+ 53. Kb4 Qb6+ 54. Ka4 1/2-1/2

[Event "Krakow op 21st"]
[Site "Krakow"]
[Date "2011.01.02"]
[Round "6"]
[White "Janik, Andrzej"]
[Black "Gorbatenko, Kateryna"]
[Result "0-1"]
[WhiteElo "1918"]
[BlackElo "2138"]
[PlyCount "70"]
[EventDate "2010.12.27"]
[EventType "swiss"]
[EventRounds "9"]
[EventCountry "POL"]
[SourceTitle "CBM 140 Extra"]
[Source "ChessBase"]
[SourceDate "2011.03.01"]
[SourceVersion "1"]
[SourceVersionDate "2011.03.01"]
[SourceQuality "1"]

1. c4 c5 2. Nf3 Nc6 3. d4 cxd4 4. Nxd4 g6 5. Nc3 Bg7 6. Nxc6 bxc6 7. e4 Rb8 8. Be2 Qa5 9. Qc2 Bxc3+ 10. bxc3 Nf6 11. 0-0 Qe5 12. f3 Qc5+ 13. Kh1 d6 14. Bh6 Be6 15. Rfb1 Kd7 16. Qd3 Nh5 17. g4 Nf6 18. Be3 Qa5 19. e5 Qxe5 20. Bxa7 Rxb1+ 21. Rxb1 Rc8 22. Bd4 Qg5 23. Rb7+ Ke8 24. Bf2 Nd7 25. Qd4 Qe5 26. Qd2 c5 27. Bg3 Qg7 28. f4 f5 29. gxf5 Bxf5 30. Bf3 Qf6 31. a4 Qe6 32. Bd5 Be4+ 33. Kg1 Bxd5 34. cxd5 Qe4 35. Bh4 Ra8 0-1

[Event "SVK-ch op-A"]
[Site "Banska Stiavnica"]
[Date "2010.07.16"]
[Round "7"]
[White "Gorbatenko, Kateryna"]
[Black "Butkiewicz, Lukasz"]
[Result "1/2-1/2"]
[WhiteElo "2064"]
[BlackElo "2375"]
[PlyCount "163"]
[EventDate "2010.07.10"]
[EventType "swiss"]
[EventRounds "9"]
[EventCountry "SVK"]
[SourceTitle "CBM 137 Extra"]
[Source "ChessBase"]
[SourceDate "2010.09.01"]
[SourceVersion "1"]
[SourceVersionDate "2010.09.01"]
[SourceQuality "1"]

1. d4 Nf6 2. c4 c5 3. d5 e6 4. Nc3 exd5 5. cxd5 d6 6. Nf3 g6 7. h3 Bg7 8. e4 0-0 9. Bd3 Re8 10. 0-0 a6 11. a4 Nbd7 12. Re1 Qe7 13. Bf4 Qf8 14. Bh2 Nh5 15. Bc2 Ne5 16. Nxe5 Bxe5 17. Bxe5 Rxe5 18. Qd2 g5 19. Qe2 Qh6 20. Qf3 Nf4 21. a5 Bd7 22. Re3 Rf8 23. Rae1 Kh8 24. g4 Qf6 25. Ne2 h5 26. Kf1 hxg4 27. hxg4 Kg7 28. Nxf4 gxf4 29. Rc3 Rg5 30. e5 dxe5 31. Qe4 Rh8 32. Ke2 Rh2 33. Kd1 Bxg4+ 34. Kc1 Bf5 35. Qxe5 Bxc2 36. Qxf6+ Kxf6 37. Rxc2 Rxd5 38. Kb1 Rh3 39. Rc4 Rf3 40. Re2 Kf5 41. Rec2 Ke6 42. Re4+ Kd6 43. Re8 Rb3 44. Rd8+ Kc6 45. Rf8 Rf5 46. Rc8+ Kb5 47. Ka2 Rb4 48. Rc7 Kxa5 49. R7xc5+ Rb5 50. R5c4 Kb6 51. Re4 f6 52. Rcc4 f3 53. Re3 Rbe5 54. Rb3+ Ka7 55. Rcc3 Re2 56. Rc7 Ra5+ 57. Kb1 Rb5 58. Rxb5 axb5 59. Rf7 Rxf2 60. Rxf6 Kb8 61. Ka2 Kc7 62. Kb3 Kd7 63. Kc3 Ke7 64. Rf4 Ke6 65. Kd4 Rd2+ 66. Kc3 Rf2 67. b4 Ke5 68. Rf7 Ke4 69. Re7+ Kf4 70. Rf7+ Kg3 71. Rg7+ Kh2 72. Rxb7 Ra2 73. Rxb5 f2 74. Rf5 Kg3 75. Kc4 Ra3 76. Rxf2 Kxf2 77. b5 Ra1 78. b6 Ke3 79. Kd5 Rb1 80. Kc6 Kd4 81. b7 Ke5 82. Kc7 1/2-1/2

[Event "SVK-ch op-A"]
[Site "Banska Stiavnica"]
[Date "2010.07.14"]
[Round "5"]
[White "Gorbatenko, Kateryna"]
[Black "Maslik, Miroslav"]
[Result "1-0"]
[WhiteElo "2064"]
[BlackElo "2412"]
[PlyCount "107"]
[EventDate "2010.07.10"]
[EventType "swiss"]
[EventRounds "9"]
[EventCountry "SVK"]
[SourceTitle "CBM 137 Extra"]
[Source "ChessBase"]
[SourceDate "2010.09.01"]
[SourceVersion "1"]
[SourceVersionDate "2010.09.01"]
[SourceQuality "1"]

1. d4 Nf6 2. c4 e6 3. Nf3 c5 4. d5 exd5 5. cxd5 g6 6. Nc3 d6 7. h3 Bg7 8. e4 0-0 9. Bd3 Re8 10. 0-0 c4 11. Bc2 Nbd7 12. Bf4 Nc5 13. Re1 b5 14. e5 dxe5 15. Nxe5 Bb7 16. d6 Nfd7 17. Ng4 Ne6 18. Bh6 Qb6 19. Bxg7 Kxg7 20. Nxb5 Qc6 21. Ne3 Nf4 22. Nd4 Qc5 23. Qg4 Rxe3 24. Nf5+ Kf8 25. Nxe3 Ne6 26. Qh4 Kg7 27. Ng4 Re8 28. Ba4 Bc6 29. Bxc6 Qxc6 30. Rad1 c3 31. Qh6+ Kg8 32. bxc3 Qxc3 33. Rc1 Qd4 34. Rxe6 fxe6 35. Qe3 Qxd6 36. Qxa7 Kh8 37. Rc7 Rb8 38. Rb7 Rc8 39. Rb1 h5 40. Ne3 Nf6 41. Qf7 Qe5 42. Qxg6 Nh7 43. Rb7 Nf8 44. Qf7 h4 45. Nc4 Qg5 46. a4 e5 47. a5 Qh6 48. Nxe5 Qg5 49. Nf3 Qh6 50. Nxh4 Qg5 51. Kh2 Qh6 52. Rb5 Qd6+ 53. g3 Rc5 54. Rb6 1-0

[Event "SVK-ch op-A"]
[Site "Banska Stiavnica"]
[Date "2010.07.12"]
[Round "3"]
[White "Gorbatenko, Kateryna"]
[Black "Pecha, Tomas"]
[Result "1/2-1/2"]
[WhiteElo "2064"]
[BlackElo "2187"]
[PlyCount "66"]
[EventDate "2010.07.10"]
[EventType "swiss"]
[EventRounds "9"]
[EventCountry "SVK"]
[SourceTitle "CBM 137 Extra"]
[Source "ChessBase"]
[SourceDate "2010.09.01"]
[SourceVersion "1"]
[SourceVersionDate "2010.09.01"]
[SourceQuality "1"]

1. d4 Nf6 2. c4 e6 3. Nf3 Bb4+ 4. Nbd2 b6 5. a3 Bxd2+ 6. Qxd2 Bb7 7. e3 0-0 8. Be2 d6 9. b4 Nbd7 10. Bb2 Qe7 11. 0-0 Rad8 12. Rfd1 Ne4 13. Qc2 f5 14. d5 e5 15. a4 Ndf6 16. Nd2 Nxd2 17. Qxd2 c6 18. Bf3 cxd5 19. Bxd5+ Bxd5 20. cxd5 Rc8 21. Qd3 Qd7 22. f4 e4 23. Qb3 Kh8 24. Rac1 Rxc1 25. Rxc1 Rc8 26. Rc6 Rxc6 27. dxc6 Qxc6 28. Bxf6 gxf6 29. Qf7 Qc1+ 30. Kf2 Qd2+ 31. Kf1 Qd3+ 32. Kf2 Qd2+ 33. Kf1 Qd3+ 1/2-1/2

[Event "UKR-ch"]
[Site "Alushta"]
[Date "2010.05.08"]
[Round "6"]
[White "Avetisian, Tigran"]
[Black "Gorbatenko, Kateryna"]
[Result "1-0"]
[WhiteElo "1959"]
[BlackElo "2092"]
[PlyCount "69"]
[EventDate "2010.05.03"]
[EventType "swiss"]
[EventRounds "9"]
[EventCountry "UKR"]
[SourceTitle "CBM 136 Extra"]
[Source "ChessBase"]
[SourceDate "2010.07.02"]
[SourceVersion "2"]
[SourceVersionDate "2010.07.15"]
[SourceQuality "1"]

1. d4 Nf6 2. c4 g6 3. Nc3 Bg7 4. e4 d6 5. Be2 0-0 6. Bg5 c5 7. d5 b5 8. cxb5 a6 9. a4 Qa5 10. Bd2 Nbd7 11. Nf3 axb5 12. Bxb5 Ba6 13. 0-0 Rfb8 14. Re1 Qd8 15. Bc6 Bb7 16. Nb5 Qc8 17. Bxb7 Qxb7 18. Bc3 Nb6 19. b3 Ne8 20. Bxg7 Kxg7 21. Qc2 Nc7 22. Nxc7 Qxc7 23. b4 Rc8 24. b5 Kg8 25. a5 Nd7 26. b6 Qb7 27. Qa4 Ra6 28. Qb5 c4 29. Nd4 Rc5 30. Qc6 Qc8 31. b7 Rcxc6 32. dxc6 Qb8 33. cxd7 e5 34. Nc6 Rxc6 35. a6 1-0

[Event "UKR-ch"]
[Site "Alushta"]
[Date "2010.05.05"]
[Round "3"]
[White "Gorbatenko, Kateryna"]
[Black "Dhillon, Jasteen"]
[Result "0-1"]
[WhiteElo "2092"]
[BlackElo "1948"]
[PlyCount "112"]
[EventDate "2010.05.03"]
[EventType "swiss"]
[EventRounds "9"]
[EventCountry "UKR"]
[SourceTitle "CBM 136 Extra"]
[Source "ChessBase"]
[SourceDate "2010.07.02"]
[SourceVersion "2"]
[SourceVersionDate "2010.07.15"]
[SourceQuality "1"]

1. d4 Nf6 2. c4 g6 3. Nc3 d5 4. cxd5 Nxd5 5. e4 Nxc3 6. bxc3 Bg7 7. Bc4 c5 8. Ne2 0-0 9. 0-0 Nc6 10. Be3 Qc7 11. Rc1 Rd8 12. Bf4 Be5 13. Bg3 Bxg3 14. Nxg3 Qf4 15. Bd5 Bd7 16. Ne2 Qd6 17. f4 Bg4 18. f5 e6 19. Bxc6 bxc6 20. h3 Bxe2 21. Qxe2 cxd4 22. fxg6 hxg6 23. Qf2 Rd7 24. cxd4 Qxd4 25. Qxd4 Rxd4 26. Rxc6 Rad8 27. Rc7 R8d7 28. Rxd7 Rxd7 29. Rf2 Rd1+ 30. Rf1 Rd4 31. Re1 Rd2 32. a3 Rd3 33. Kf2 Rxa3 34. Rb1 Kg7 35. Rb7 g5 36. Rc7 a5 37. Ra7 a4 38. Ra5 Kf6 39. Ra7 Ra1 40. Kg3 a3 41. Ra5 Kg6 42. Kg4 f6 43. Ra6 a2 44. Kg3 Kf7 45. Ra7+ Kg6 46. Ra6 Re1 47. Rxa2 Rxe4 48. Kf3 Rb4 49. Re2 e5 50. Re3 Rf4+ 51. Ke2 Kf5 52. g3 Re4 53. Kf3 Rxe3+ 54. Kxe3 Ke6 55. g4 Kd5 56. Kd3 e4+ 0-1

[Event "UKR-ch"]
[Site "Alushta"]
[Date "2010.05.03"]
[Round "1"]
[White "Gorbatenko, Kateryna"]
[Black "Polivanov, Anatoliy"]
[Result "1/2-1/2"]
[WhiteElo "2092"]
[BlackElo "2381"]
[PlyCount "91"]
[EventDate "2010.05.03"]
[EventType "swiss"]
[EventRounds "9"]
[EventCountry "UKR"]
[SourceTitle "CBM 136 Extra"]
[Source "ChessBase"]
[SourceDate "2010.07.02"]
[SourceVersion "2"]
[SourceVersionDate "2010.07.15"]
[SourceQuality "1"]

1. d4 Nf6 2. c4 e6 3. Nf3 c5 4. d5 b5 5. dxe6 fxe6 6. cxb5 d5 7. e3 Bd6 8. Nc3 Bb7 9. Be2 0-0 10. 0-0 Nbd7 11. a4 Qe7 12. a5 Rad8 13. Qc2 Kh8 14. Re1 e5 15. e4 d4 16. Nd5 Nxd5 17. exd5 e4 18. Bg5 Qf7 19. Qxe4 Rde8 20. Qh4 Bxd5 21. Bd3 Nf6 22. Bxf6 gxf6 23. Be4 Rb8 24. b4 Rxb5 25. bxc5 Bxc5 26. Reb1 Rxb1+ 27. Rxb1 Bxe4 28. Qxe4 Qg6 29. Qxg6 hxg6 30. Rc1 Bb4 31. Nxd4 Bxa5 32. Kf1 Bb6 33. Nb5 Rd8 34. Rc6 Rd1+ 35. Ke2 Rb1 36. Nxa7 Rb2+ 37. Kf3 Bxf2 38. Rc7 Be1 39. Rc1 Rf2+ 40. Ke3 Bd2+ 41. Kxf2 Bxc1 42. Nb5 Kg7 43. Kf3 f5 44. Nd4 Kf6 45. g4 Bb2 46. Nxf5 1/2-1/2

[Event "Poltava op"]
[Site "Poltava"]
[Date "2009.12.10"]
[Round "8"]
[White "Andreev, Volodymyr"]
[Black "Gorbatenko, Kateryna"]
[Result "0-1"]
[WhiteElo "1989"]
[BlackElo "2100"]
[PlyCount "64"]
[EventDate "2009.12.04"]
[EventType "swiss"]
[EventRounds "9"]
[EventCountry "UKR"]
[SourceTitle "CBM 133 Extra"]
[Source "ChessBase"]
[SourceDate "2010.01.05"]
[SourceVersion "1"]
[SourceVersionDate "2010.01.05"]
[SourceQuality "1"]

1. e4 c5 2. f4 g6 3. Nf3 Bg7 4. c3 d6 5. Bc4 Nf6 6. e5 Ng4 7. h3 Nh6 8. g4 Nc6 9. d4 cxd4 10. cxd4 dxe5 11. fxe5 0-0 12. Nc3 Nxg4 13. hxg4 Bxg4 14. Be3 Nxe5 15. Nxe5 Bxd1 16. Rxd1 Bxe5 17. dxe5 Qc7 18. Rd4 Qxe5 19. Re4 Qg3+ 20. Bf2 Qf3 21. Reh4 h5 22. R1h3 Qf5 23. Bd3 Qg5 24. Be3 Qg2 25. Ne2 Qd5 26. Nf4 Qxa2 27. Nxh5 Qa1+ 28. Kf2 Qxb2+ 29. Be2 Rfd8 30. Nf4 Rac8 31. Rh2 Rc2 32. Kf3 Qf6 0-1

[Event "Perm"]
[Site "Perm"]
[Date "2009.06.12"]
[Round "7"]
[White "Lomako, Pavel"]
[Black "Gorbatenko, Kateryna"]
[Result "1-0"]
[WhiteElo "2417"]
[BlackElo "2086"]
[PlyCount "47"]
[EventDate "2009.06.09"]
[EventType "tourn"]
[EventRounds "9"]
[EventCountry "RUS"]
[EventCategory "6"]
[SourceTitle "CBM 130 Extra"]
[Source "ChessBase"]
[SourceDate "2009.07.02"]
[SourceVersion "2"]
[SourceVersionDate "2009.07.15"]
[SourceQuality "1"]

1. d4 Nf6 2. Nf3 g6 3. g3 Bg7 4. Bg2 d6 5. 0-0 0-0 6. b3 c5 7. c4 Nc6 8. Bb2 cxd4 9. Nxd4 d5 10. cxd5 Nxd5 11. Nxc6 bxc6 12. Bxg7 Kxg7 13. Qc2 Qb6 14. Nc3 Nb4 15. Qe4 Be6 16. Rfc1 a5 17. Na4 Qa7 18. Qe5+ Kg8 19. Nc5 Bd5 20. e4 f6 21. Qc3 Bf7 22. Bf1 Qb6 23. a3 Na6 24. Nd7 1-0

[Event "Perm"]
[Site "Perm"]
[Date "2009.06.10"]
[Round "3"]
[White "Volodin, Ivan"]
[Black "Gorbatenko, Kateryna"]
[Result "1-0"]
[WhiteElo "2407"]
[BlackElo "2086"]
[PlyCount "89"]
[EventDate "2009.06.09"]
[EventType "tourn"]
[EventRounds "9"]
[EventCountry "RUS"]
[EventCategory "6"]
[SourceTitle "CBM 130 Extra"]
[Source "ChessBase"]
[SourceDate "2009.07.02"]
[SourceVersion "2"]
[SourceVersionDate "2009.07.15"]
[SourceQuality "1"]

1. c4 Nf6 2. Nc3 g6 3. e4 d6 4. g3 c5 5. Bg2 Nc6 6. Nge2 Bg7 7. 0-0 0-0 8. d3 Rb8 9. Rb1 a6 10. a4 Nd4 11. Nxd4 cxd4 12. Ne2 Nd7 13. b4 b5 14. cxb5 axb5 15. a5 Bb7 16. Bb2 e5 17. Rc1 Rc8 18. Qb3 Nb8 19. f4 Qd7 20. fxe5 dxe5 21. Rxc8 Qxc8 22. h3 Na6 23. Bc1 Qd7 24. Bd2 Rc8 25. Kh2 Qe7 26. h4 Rc7 27. Bh3 Kh8 28. Ng1 Bf8 29. Nf3 f6 30. h5 Bc8 31. Bxc8 Rxc8 32. hxg6 hxg6 33. Kg2 g5 34. Qd5 Rc7 35. Qa8 Ra7 36. Qc8 Kg8 37. Nh2 Qc7 38. Qe6+ Qf7 39. Qb6 Bg7 40. Ng4 Qa2 41. Rf2 Ra8 42. Nxf6+ Kh8 43. Nd5 Qb1 44. Rf1 Qxd3 45. Rh1+ 1-0

[Event "Serpukhov"]
[Site "Serpukhov"]
[Date "2009.05.07"]
[Round "13"]
[White "Gorbatenko, Kateryna"]
[Black "Oparin, Grigoriy"]
[Result "0-1"]
[WhiteElo "2086"]
[BlackElo "2257"]
[PlyCount "82"]
[EventDate "2009.05.01"]
[EventType "tourn"]
[EventRounds "15"]
[EventCountry "RUS"]
[SourceTitle "EXT 2011"]
[Source "ChessBase"]
[SourceDate "2010.11.26"]
[SourceVersion "1"]
[SourceVersionDate "2010.11.26"]
[SourceQuality "1"]

1. d4 d5 2. c4 e6 3. Nf3 Nf6 4. e3 Be7 5. Nc3 b6 6. b3 Bb7 7. Bb2 Nbd7 8. Bd3 0-0 9. 0-0 c5 10. Ne5 dxc4 11. bxc4 cxd4 12. exd4 Nxe5 13. dxe5 Nd7 14. Qh5 g6 15. Qe2 Nc5 16. Bc2 a6 17. f4 Qc7 18. f5 gxf5 19. Nd5 exd5 20. Bxf5 Ne4 21. Qh5 Bc5+ 22. Kh1 f6 23. exf6 d4 24. Qg4+ Kh8 25. Bxe4 Rg8 26. Qf3 Bxe4 27. Qxe4 Rae8 28. Qf3 Qf7 29. Rae1 Rxe1 30. Rxe1 Rf8 31. Rf1 Rd8 32. Qg4 Rg8 33. Qf4 Rd8 34. Rd1 Qh5 35. g4 Qf7 36. Bxd4 b5 37. Qe4 bxc4 38. Rb1 Bxd4 39. Rb7 Qg6 40. Qe7 Bxf6 41. Qe2 c3 0-1

[Event "Serpukhov"]
[Site "Serpukhov"]
[Date "2009.05.06"]
[Round "10"]
[White "Airapetian, Gor"]
[Black "Gorbatenko, Kateryna"]
[Result "1-0"]
[WhiteElo "2369"]
[BlackElo "2086"]
[PlyCount "105"]
[EventDate "2009.05.01"]
[EventType "tourn"]
[EventRounds "15"]
[EventCountry "RUS"]
[SourceTitle "EXT 2011"]
[Source "ChessBase"]
[SourceDate "2010.11.26"]
[SourceVersion "1"]
[SourceVersionDate "2010.11.26"]
[SourceQuality "1"]

1. e4 c5 2. Nf3 Nc6 3. Bb5 d6 4. 0-0 Bd7 5. c3 Nf6 6. Re1 a6 7. Ba4 c4 8. Bc2 Rc8 9. d4 cxd3 10. Bxd3 Bg4 11. Nbd2 e6 12. h3 Bh5 13. Nf1 Ne5 14. Be2 Nxf3+ 15. Bxf3 Bxf3 16. Qxf3 Be7 17. Ng3 0-0 18. Bf4 Qb6 19. Re2 Rfd8 20. Rd1 a5 21. Red2 Qc6 22. Qe2 h6 23. Rd3 b5 24. e5 Nd5 25. Bc1 dxe5 26. Qxe5 Nf6 27. Rxd8+ Rxd8 28. Rxd8+ Bxd8 29. Qb8 Qd5 30. Be3 Kh7 31. b3 h5 32. c4 bxc4 33. bxc4 Qd1+ 34. Nf1 Qd7 35. Qb5 Qd3 36. a4 Bc7 37. Qc6 Be5 38. Qb5 Bc7 39. Bd2 Qd8 40. Bc3 g6 41. Bxf6 Qxf6 42. c5 Qd4 43. Qc6 Qf4 44. g3 Qe5 45. h4 Kg7 46. Ne3 Bb8 47. Nc4 Qc3 48. Nd6 Ba7 49. Qc7 Qxc5 50. Qxf7+ Kh8 51. Qf6+ Kh7 52. Nf7 Qf5 53. Qh8# 1-0

[Event "EU-ch (Women) 10th"]
[Site "St Petersburg"]
[Date "2009.03.11"]
[Round "4"]
[White "Gorbatenko, Kateryna"]
[Black "Ambartsumova, Karina"]
[Result "1-0"]
[WhiteElo "2071"]
[BlackElo "2227"]
[PlyCount "63"]
[EventDate "2009.03.08"]
[EventType "swiss"]
[EventRounds "11"]
[EventCountry "RUS"]
[SourceTitle "CBM 129 Extra"]
[Source "ChessBase"]
[SourceDate "2009.05.05"]
[SourceVersion "2"]
[SourceVersionDate "2009.05.20"]
[SourceQuality "1"]

1. d4 f5 2. c4 Nf6 3. Nc3 e6 4. Nf3 d5 5. Bf4 c6 6. e3 Be7 7. h3 0-0 8. Bd3 b6 9. Qc2 Ne4 10. Ne5 Bb7 11. 0-0 Nd7 12. f3 Nd6 13. b3 Nxe5 14. Bxe5 Nf7 15. Bg3 Rc8 16. Rac1 c5 17. Qe2 Bf6 18. cxd5 cxd4 19. dxe6 Ne5 20. Bxe5 Bxe5 21. Bc4 Kh8 22. f4 dxc3 23. fxe5 Qg5 24. Rcd1 c2 25. Rc1 Be4 26. Bd3 Bxg2 27. Qxg2 Qxe3+ 28. Kh1 Qxd3 29. e7 Rfe8 30. Rf2 Rxe7 31. Rfxc2 Rd8 32. Rd2 1-0